Environmental Chemistry / (Record no. 4411)
[ view plain ]
| 000 -LEADER | |
|---|---|
| fixed length control field | 01415nam a22002057a 4500 |
| 003 - CONTROL NUMBER IDENTIFIER | |
| control field | OSt |
| 005 - DATE AND TIME OF LATEST TRANSACTION | |
| control field | 20260408092621.0 |
| 008 - FIXED-LENGTH DATA ELEMENTS--GENERAL INFORMATION | |
| fixed length control field | 260408b |||||||| |||| 00| 0 eng d |
| 040 ## - CATALOGING SOURCE | |
| Original cataloging agency | DLC |
| Language of cataloging | En |
| Transcribing agency | DLC |
| 050 ## - DUCE LIBRARY CALL NUMBER | |
| Classification number | DUCE TD 193 M36 |
| 100 ## - AUTHOR | |
| Personal name | Manahan, Stanley E |
| Fuller form of name | Stanley E Manahan |
| 245 ## - TITLE STATEMENT | |
| Title | Environmental Chemistry / |
| Statement of responsibility, etc. | By Stanley E Manahan |
| 250 ## - EDITION STATEMENT | |
| Edition statement | 7th |
| 260 ## - PUBLISHER | |
| Place of publication | London: |
| Name of publisher | Lewis Publishers, |
| Date of publication | 2000. |
| 300 ## - PHYSICAL DESCRIPTION | |
| Volume, Pages | xxix, 753 p. : |
| Other physical details | ill., maps ; |
| Dimensions | 27 cm. |
| 500 ## - GENERAL NOTE | |
| General note | Includes bibliographical references and index |
| 520 ## - ABSTRACT | |
| Summary, etc. | Environmental Chemistry provides a comprehensive introduction to the chemical processes that occur in the environment and the impact of human activities on air, water, soil, and living systems. The book explains the sources, reactions, transport, and fate of chemical substances in natural systems, emphasizing how pollutants are generated, distributed, and controlled. It explores key areas such as atmospheric chemistry (including air pollution and ozone depletion), aquatic chemistry (water quality and treatment), and geochemistry (soil and earth systems). The concept of the anthrosphere—human-made systems and their interaction with the natural environment—is highlighted to show how industrial activities affect ecological balance |
| Uniform Resource Identifier | <a href="http://172.20.27.22:4000/handle/123456789/140">http://172.20.27.22:4000/handle/123456789/140</a> |
| 856 ## - ELECTRONIC LOCATION AND ACCESS | |
| Uniform Resource Identifier | <a href="http://172.20.27.22:4000/handle/123456789/140">http://172.20.27.22:4000/handle/123456789/140</a> |
| 942 ## - ADDED ENTRY ELEMENTS (KOHA) | |
| Source of classification or shelving scheme | Library of Congress Classification |
| Koha item type | Books |
| Suppress in OPAC | No |
| Withdrawn status | Lost status | Source of classification or shelving scheme | Damaged status | Not for loan | Collection | Home library | Current library | Shelving location | Date acquired | Total checkouts | Full call number | Date last seen | Price effective from | Koha item type |
|---|---|---|---|---|---|---|---|---|---|---|---|---|---|---|
| Library of Congress Classification | Science Collection | DUCE LIBRARY | DUCE LIBRARY | Humanities: Shelf PQ668.077 – Z10.G27 | 04/08/2026 | DUCE TD 193.M36 | 04/08/2026 | 04/08/2026 | Books |